Top 50 players in FC 26 by ratings - Statistics

General Stats
  • This quiz has been taken 79 times
  • The average score is 39 of 50
Answer Stats
Hint Answer % Correct
1, Egypt, LIV Salah
100%
2, France, RMA Mbappe
98%
3, France, PSG Dembele
94%
4, Spain, MCI Rodri
94%
5, Netherlands, LIV Van Dijk
94%
6, England, RMA Bellingham
92%
7, Norway, MCI Haaland
92%
9, Morocco, PSG Hakimi
91%
16, England, BAY Kane
91%
8, Brazil, FCB Raphinha
88%
18, Brazil, RMA Vinicius Jr.
88%
19, Germany, LIV Wirtz
88%
10, Spain, FCB Yamal
88%
23, Sweden, LIV Isak
86%
13, Spain, FCB Pedri
86%
21, Poland, FCB Lewandowski
84%
25, Brazil, ARS Gabriel
83%
14, Germany, BAY Kimmich
83%
22, Argentina, INT Martinez
83%
28, England, CHE Palmer
83%
26, England, ARS Saka
83%
17, Uruguay, RMA Valverde
83%
15, Brazil, LIV Alisson
81%
20, Belgium, RMA Courtois
81%
27, Slovenia, ATM Oblak
81%
11, Portugal, PSG Vitinha
81%
24, Germany, BAY Musiala
80%
12, Italy, PSG Donnarumma
78%
39, France, ARS Saliba
78%
44, Norway, ARS Odegaard
77%
33, Netherlands, FCB De Jong
75%
40, Argentina, ATM Alvarez
73%
32, Belgium, NAP De Bruyne
73%
46, Sweden, ARS Gyokeres
73%
50, Germany. RMA Rudiger
73%
38, Portugal, MUN Fernandes
72%
31, Guinea, BVB Guirassy
72%
36, Switzerland, INT Sommer
72%
42, Argentina, LIV Mac Allister
70%
49, Portugal, PSG Mendes
70%
34, England, ARS Rice
70%
37, France, FCB Kounde
69%
30, Italy, INT Bastoni
67%
48, Nigeria, GAL Osimhen
67%
47, Italy, INT Barella
64%
45, Spain, ARS Raya
64%
29, Georgia, PSG Kvaratskhelia
63%
43, France, MIL Maignan
53%
41, Germany, BAY Tah
50%
35, Brazil, PSG Marquinos
30%
No matching quizzes found
Score Distribution
Percent of People with Each Score
Percentile by Number Answered
Your Score History
You have not taken this quiz